Nombra estas ciudades aleatorias a partir de sus nombres franceses - Estadísticas

Estadísticas generales
  • Esta prueba ha sido intentada 196 veces
  • La puntuación promedio es 6 de 10
Estadísticas de respuestas
Nombre usado en francés Continente Nombre usado en español % Correcto
Abou Dabi Asia Abu Dabi
100%
Alger África Argel
100%
Athènes Europa Atenas
100%
Calcutta Asia Calcuta
100%
Cologne Europa Colonia
100%
Cracovie Europa Cracovia
100%
Le Caire África El Cairo
100%
Fès África Fez
100%
Grenade Europa Granada
100%
Hambourg Europa Hamburgo
100%
Jérusalem Asia Jerusalén
100%
La Havane America La Habana
100%
Moscou Europa Moscú
100%
Rome Europa Roma
100%
Saint-Domingue America Santo Domingo
100%
Seoul Asia Seúl
100%
Tarragone Europa Tarragona
100%
Tokyo Asia Tokio
100%
Tunis África Túnez
100%
Valence Europa Valencia
100%
Varsovie Europa Varsovia
100%
Venise Europa Venecia
100%
Vienne Europa Viena
100%
Andorre-la-Vielle Europa Andorra la Vella
92%
Berne Europa Berna
92%
Koweït Asia Kuwait
92%
Bologne Europa Bolonia
91%
Saint-Sébastien Europa San Sebastián / Donostia
91%
Saint-Jacques-de-Compostelle Europa Santiago de Compostela
91%
Sydney Oceania Sídney
90%
Adélaïde Oceania Adelaida
89%
Singapour Asia Singapur
89%
Jakarta Asia Yakarta
89%
Beyrouth Asia Beirut
88%
Sparte Europa Esparta
88%
Manille Asia Manila
88%
Nicosie Asia Nicosia
88%
Barcelone Europa Barcelona
87%
Alexandrie África Alejandría
86%
Pampelune Europa Pamplona
86%
Salamanque Europa Salamanca
86%
Brême Europa Bremen
83%
Lisbonne Europa Lisboa
83%
Saint-Pétersbourg Europa San Petersburgo
83%
Belgrade Europa Belgrado
82%
Médine Asia Medina
82%
La Corogne Europa A coruña
80%
La Nouvelle-Orléans America Nueva Orleans
80%
Vilnius Europa Vilna
80%
Cadix Europa Cádiz
78%
Kaboul Asia Kabul
78%
La Haye Europa La Haya
78%
Bakou Asia Baku
75%
Cordoue Europa Córdoba
75%
Philadelphie America Filadelfia
75%
Hanovre Europa Hannover
75%
Bombay Asia Mumbai
75%
Augsbourg Europa Augsburg
73%
Gérone Europa Girona
73%
Kyoto Asia Kioto
71%
Macau Asia Macao
70%
Port d'Espagne America Puerto España
70%
Gizeh África Giza
67%
Palerme Europa Palermo
67%
Salzbourg Europa Salzburgo
67%
Saint-Marin Europa San Marino
67%
La Mecque Asia Meca
64%
Gênes Europa Génova
60%
Saragosse Europa Zaragoza
60%
Thimphou Asia Timbu
58%
Lucerne Europa Lucerna
57%
Anvers Europa Amberes
54%
Alep Asia Alepo
50%
Aoste Europa Aosta
50%
Batoumi Asia Batumi
50%
Catane Europa Catania
50%
Port Moresby Oceania Puerto Moresby
50%
Samarcande Asia Samarcanda
50%
Tombouctou África Tombuctú
50%
Le Cap África Ciudad del Cabo
45%
Mossoul Asia Mosul
44%
Tbilissi Asia Tiflis
44%
Göteborg Europa Gotemburgo
43%
Tananarive África Antananarivo
40%
Iekaterinbourg Europa Ekaterimburgo
40%
Katmandou Asia Katmandu
40%
Damas Asia Damasco
36%
Brassovie Europa Brasov
33%
Coblence Europa Coblenza
33%
Nankin Asia Nankín
33%
Noursoultan Asia Nur-Sultan
33%
Orenbourg Europa Oremburgo
33%
Tachkent Asia Tashkent
33%
Oufa Europa Ufa
33%
Dar es Salam África Dar-es-Salaam
30%
Surate Asia Surat
30%
Bassora Asia Basora
27%
Thessalonique Europa Salónica
27%
Gand Europa Gante
25%
Louvain Europa Lovaina
25%
Tioumen Asia Tiumén
25%
Cimkent Asia Shymkent
22%
Oulan-Oude Asia Ulan-Ude
20%
Voronej Europa Vorónezh
20%
Bâle Europa Basilea
17%
Constance Europa Constanza
17%
Lhassa Asia Lhasa
17%
Rangoun Asia Rangun
17%
Rostov-sur-le-Don Europa Rostov del Don
17%
Tcheliabinsk Europa Cheliábinsk
14%
Irkoutsk Asia Irkutsk
14%
Djouba África Yuba
14%
Saint-Jean-de-Terre-Neuve America San Juan de Terranova
13%
Turkestan Asia Turkestan
13%
Iaroslavl Europa Yaroslavl
13%
Laâyoune África El Aaiún
11%
Togliatti Europa Toliatti
10%
Douchanbé Asia Dushanbe
8%
Djeddah Asia Yidda
8%
Aktoube Asia Aktobe
0%
Achgabat Asia Ashgabat
0%
Bichkek Asia Bishkek
0%
Edimbourg Europa Edinburgo
0%
Schaffhause Europa Escafusa
0%
Eupatoria Europa Eupatoria
0%
Homiel Europa Gomel
0%
Hrodna Europa Grodno
0%
Ispahan Asia Isfahán
0%
Ijevsk Europa Izhevsk
0%
Krasnoïarsk Asia Krasnoyarsk
0%
Mechhed Asia Mashhad
0%
Nakhtichevan Asia Najicheván
0%
Nasik Asia Nashik
0%
Nijni Novgorod Europa Nizhni Novgorod
0%
Oural Europa Oral
0%
Orel Europa Oriol
0%
Oulianovsk Europa Uliánovsk
0%
Upsal Europa Uppsala
0%
Iochkar-Ola Europa Yoshkar-Olá
0%
Zoug Europa Zug
0%
No se encontraron pruebas coincidentes
Distribución de puntuación
Porcentaje de gente con cada puntuación
Porcentaje por número respondido
Historial de tus puntuaciones
No has intentado esta prueba.